| 000 | 00971nam a2200301 i 4500 | ||
|---|---|---|---|
| 003 | DO-SdBNP | ||
| 005 | 20260224133026.0 | ||
| 007 | ta | ||
| 008 | 210310b 2020 abc 00| 0 spa d | ||
| 040 |
_aDO-SdBNP _bspa _cBNPHU _erda |
||
| 041 | _aspa | ||
| 082 | 4 |
_a170 _bM293e _222 |
|
| 245 | 0 | 0 | _aManual de ética, moral, cívica y algo más... |
| 264 | 1 |
_aSanto Domingo : _bDefensor del pueblo, _c2020. |
|
| 300 |
_a94 páginas : _bilustraciones, mapas, retratos ; _c22 cm. |
||
| 336 |
_atexto _btxt _2rdacontent |
||
| 337 |
_asin mediación _bn _2rdamedia |
||
| 338 |
_avolumen _bnc _2rdacarrier |
||
| 500 | _aIncluye referencias bibliográficas y notas al pie de las páginas. | ||
| 590 | _aInventariado, 2021 / DG | ||
| 650 | 4 |
_aÉtica _9509 |
|
| 650 | 4 |
_aValores sociales _93218 |
|
| 650 | 4 |
_aDerecho civil _95702 |
|
| 650 | 4 |
_aEducación cívica _91206 |
|
| 650 | 7 |
_aConducta de vida _2LIBRUNAM _911947 |
|
| 910 | _aValidado. Control de calidad MFF | ||
| 942 |
_2ddc _cLBS1 |
||
| 999 |
_c49851 _d49851 |
||